[Event "XI C.to Italiano U20"]
[Site "Bratto - Castione della Presolana ITA"]
[Date "2003.08.26"]
[Round "6"]
[White "Ferrante, Marco"]
[Black "Castellano, Fabio Marco"]
[Result "1-0"]
[WhiteElo "1849"]
[BlackElo "1534"]
[PlyCount "73"]
[EventDate "2003.08.21"]

1. e4 c5 2. Nf3 e6 3. d3 Nc6 4. g3 Qc7 5. Bg2 Nf6 6. O-O Be7 7. Re1 d6 8. c3
O-O 9. d4 cxd4 10. cxd4 Bd7 11. Nc3 e5 12. Be3 Na5 13. Rc1 Nc4 14. Qe2 Nxe3 15.
Qxe3 Qa5 16. a3 Rac8 17. Nd5 Nxd5 18. exd5 f6 19. h4 Qb6 20. Qd2 Rxc1 21. Rxc1
Rc8 22. Rxc8+ Bxc8 23. h5 Bg4 24. dxe5 dxe5 25. Nh4 Bxh5 26. Nf5 Bd6 27. Qc2
Qc7 28. Qxc7 Bxc7 29. d6 Bd8 30. Bxb7 Bg6 31. Ne3 Kf7 32. Bc8 Be4 33. Bd7 Bb6
34. b4 Bxe3 35. fxe3 Bd5 36. b5 Be4 37. Bc6 1-0

[Event "XI C.to Italiano U20"]
[Site "Bratto - Castione della Presolana ITA"]
[Date "2003.08.26"]
[Round "6"]
[White "Ferrarese, Giacomo"]
[Black "Parpinel, Marco"]
[Result "0-1"]
[WhiteElo "1507"]
[BlackElo "1606"]
[PlyCount "52"]
[EventDate "2003.08.21"]

1. c4 g6 2. Nc3 Bg7 3. g3 Nf6 4. Bg2 d6 5. e4 c5 6. d3 O-O 7. Nge2 Nc6 8. O-O
Bg4 9. h3 Bd7 10. Kh2 a6 11. f4 Rb8 12. g4 b5 13. cxb5 axb5 14. Ng3 b4 15. Nb1
Qb6 16. g5 Ne8 17. f5 Ne5 18. Rf2 c4 19. d4 Nd3 20. Rc2 Qxd4 21. Nd2 Ba4 22.
Ne2 Be5+ 23. Ng3 Bxc2 24. Qxc2 Qf2 25. fxg6 Qxg3+ 26. Kg1 Bd4+ 0-1

[Event "XI C.to Italiano U20"]
[Site "Bratto - Castione della Presolana ITA"]
[Date "2003.08.26"]
[Round "6"]
[White "Fratino, Lorenzo"]
[Black "Bellemo, Davide"]
[Result "0-1"]
[WhiteElo "1548"]
[BlackElo "1618"]
[PlyCount "76"]
[EventDate "2003.08.21"]

1. e4 e5 2. d4 exd4 3. Qxd4 Nc6 4. Qe3 d6 5. Bd2 Nf6 6. Nc3 Be7 7. O-O-O Ng4 8.
Qe1 Be6 9. f4 f5 10. exf5 Bxf5 11. h3 Nf6 12. g4 Bg6 13. Be2 Qd7 14. f5 Bf7 15.
h4 O-O-O 16. Qf2 h6 17. Nh3 Kb8 18. Nf4 Rhf8 19. g5 hxg5 20. hxg5 Ne8 21. Nfd5
Bxd5 22. Nxd5 Rxf5 23. Qg2 Qe6 24. Nxe7 Qxe7 25. Bg4 Re5 26. Bf4 Re4 27. Rhf1
Nd4 28. Kb1 Ne2 29. Rde1 Nc3+ 30. bxc3 Rxe1+ 31. Rxe1 Qxe1+ 32. Kb2 Qe7 33. Bf3
c6 34. Qh2 Nc7 35. c4 Ne6 36. Bg3 Kc7 37. g6 Qf6+ 38. Kb1 Qxf3 0-1

[Event "XI C.to Italiano U20"]
[Site "Bratto - Castione della Presolana ITA"]
[Date "2003.08.26"]
[Round "6"]
[White "Hellweger, Stefan"]
[Black "Forato, Enrico"]
[Result "1-0"]
[WhiteElo "1576"]
[BlackElo "1600"]
[PlyCount "61"]
[EventDate "2003.08.21"]

1. e4 c5 2. Nf3 e6 3. Be2 d6 4. O-O Nf6 5. d3 Be7 6. Nc3 Nc6 7. Bf4 a6 8. e5
Nh5 9. exd6 Nxf4 10. dxe7 Qxe7 11. Re1 Nd5 12. Nxd5 exd5 13. d4 Be6 14. c3 O-O
15. dxc5 Qxc5 16. Qd2 Rad8 17. Rad1 b5 18. Nd4 Nxd4 19. Qxd4 Qc6 20. Bf3 Rd6
21. Re5 Rfd8 22. Rg5 f6 23. Qxf6 Qc7 24. Qd4 Qb7 25. h4 Qf7 26. Re1 Qd7 27. h5
Qf7 28. h6 g6 29. Bg4 Bxg4 30. Rxg4 Qf6 31. Rd1 $139 1-0

[Event "XI C.to Italiano U20"]
[Site "Bratto - Castione della Presolana ITA"]
[Date "2003.08.26"]
[Round "6"]
[White "Kidane, Robel"]
[Black "Buono, Michele"]
[Result "1-0"]
[WhiteElo "2045"]
[BlackElo "2129"]
[PlyCount "93"]
[EventDate "2003.08.21"]

1. e4 c5 2. Nf3 d6 3. d4 cxd4 4. Nxd4 Nf6 5. Nc3 a6 6. Bg5 e6 7. f4 Be7 8. Qf3
Qc7 9. O-O-O Nbd7 10. g4 b5 11. Bxf6 Nxf6 12. g5 Nd7 13. f5 Ne5 14. Qh5 g6 15.
Qh6 b4 16. Nce2 exf5 17. exf5 Bb7 18. Rg1 O-O-O 19. f6 Bf8 20. Qh3+ Kb8 21. Bg2
h6 22. Nf4 Qc8 23. Qxc8+ Rxc8 24. Bxb7 Kxb7 25. h4 d5 26. Rge1 Nc4 27. Nxd5
hxg5 28. hxg5 Bc5 29. Nb3 Bd6 30. Rd4 Ne5 31. Ne7 Nf3 32. Nxc8 Rxc8 33. Rxd6
Nxe1 34. Rd7+ Kb6 35. Rxf7 Nf3 36. Rg7 Nxg5 37. f7 Nxf7 38. Rxf7 Rg8 39. Rf6+
Kb5 40. Kd2 a5 41. Nd4+ Ka4 42. Ra6 Rd8 43. Kd3 g5 44. Ke4 Re8+ 45. Kf5 Rf8+
46. Kxg5 Rd8 47. Rxa5+ 1-0

[Event "XI C.to Italiano U20"]
[Site "Bratto - Castione della Presolana ITA"]
[Date "2003.08.26"]
[Round "6"]
[White "Lampl, Gerald"]
[Black "Bonagura, Stefano"]
[Result "1/2-1/2"]
[WhiteElo "1600"]
[BlackElo "1579"]
[PlyCount "75"]
[EventDate "2003.08.21"]

1. Nf3 d5 2. d4 Nf6 3. Bf4 e6 4. e3 c5 5. dxc5 Bxc5 6. Bb5+ Bd7 7. Qe2 Qa5+ 8.
Nc3 Ne4 9. Bxd7+ Nxd7 10. Qb5 Qxb5 11. Nxb5 O-O 12. Bg3 Rac8 13. Nd2 Ndf6 14.
c3 a6 15. Nd4 b5 16. Nxe4 Nxe4 17. f3 Nxg3 18. hxg3 e5 19. Nc2 a5 20. Rh5 f6
21. Ke2 Bb6 22. Rah1 h6 23. Rc1 Rc5 24. Rhh1 Rfc8 25. a3 Rc4 26. Kd2 Bd8 27.
Rhe1 f5 28. f4 Bc7 29. Rf1 g6 30. Rh1 Kg7 31. Rhf1 Re8 32. Ne1 Re4 33. Nc2 Bb6
34. Rce1 Bc5 35. b4 Bb6 36. fxe5 R8xe5 37. Nd4 Rg4 38. Rf3 1/2-1/2

[Event "XI C.to Italiano U20"]
[Site "Bratto - Castione della Presolana ITA"]
[Date "2003.08.26"]
[Round "6"]
[White "Lettieri, Giuseppe"]
[Black "Lain, Luigi"]
[Result "0-1"]
[WhiteElo "1894"]
[BlackElo "2261"]
[PlyCount "72"]
[EventDate "2003.08.21"]

1. e4 e5 2. Nf3 Nc6 3. d4 exd4 4. Nxd4 Qh4 5. Nb5 Qxe4+ 6. Be2 Bb4+ 7. Bd2 Qe5
8. O-O Bxd2 9. Nxd2 Nd4 10. Re1 Ne6 11. Nb3 Qg5 12. Bc4 Qd8 13. Nc5 Nf6 14. Qd4
a6 15. Nxe6 dxe6 16. Qxd8+ Kxd8 17. Rad1+ Bd7 18. Nd4 Re8 19. f4 g6 20. Be2 e5
21. fxe5 Rxe5 22. Bc4 Rxe1+ 23. Rxe1 Be8 24. b4 Rc8 25. Nb3 c6 26. Nc5 Rc7 27.
a4 Nd7 28. Rd1 Ke7 29. Nxd7 Rxd7 30. Rxd7+ Bxd7 31. Kf2 c5 32. b5 a5 33. Bd5 b6
34. Ke3 Bf5 35. Kd2 f6 36. c3 Be6 0-1

[Event "XI C.to Italiano U20"]
[Site "Bratto - Castione della Presolana ITA"]
[Date "2003.08.26"]
[Round "6"]
[White "Longo, Aldo"]
[Black "Stromboli, Ettore"]
[Result "0-1"]
[WhiteElo "1677"]
[BlackElo "2155"]
[PlyCount "94"]
[EventDate "2003.08.21"]

1. e4 e6 2. d4 d5 3. Nd2 c5 4. exd5 exd5 5. Bb5+ Nc6 6. Qe2+ Be6 7. Ngf3 a6 8.
Bxc6+ bxc6 9. dxc5 Bxc5 10. Nb3 Be7 11. Be3 Nf6 12. Ne5 Qc8 13. Bc5 Nd7 14.
Bxe7 Kxe7 15. Nxd7 Qxd7 16. O-O Rhe8 17. Qe3 Kf8 18. Qc5+ Kg8 19. Nd4 Rac8 20.
Rfe1 Qe7 21. Qxe7 Rxe7 22. Re3 c5 23. Nxe6 Rxe6 24. Rae1 Rcc6 25. Rxe6 fxe6 26.
f4 Kf7 27. c3 Kf6 28. Kf2 Rb6 29. Re2 h6 30. Kf3 a5 31. g4 a4 32. h3 c4 33. Rd2
a3 34. bxa3 Ra6 35. f5 Rxa3 36. Rc2 exf5 37. Ke3 fxg4 38. hxg4 Ke5 39. Kd2 Kf4
40. Kc1 Kxg4 41. Kb2 Ra7 42. Rd2 h5 43. Rxd5 h4 44. Rd4+ Kg3 45. Rd2 h3 46. Rd5
h2 47. Rg5+ Kh4 0-1

[Event "XI C.to Italiano U20"]
[Site "Bratto - Castione della Presolana ITA"]
[Date "2003.08.26"]
[Round "6"]
[White "Napoli, Nicolo'"]
[Black "Navarro, Stefano"]
[Result "1-0"]
[WhiteElo "2039"]
[BlackElo "2125"]
[PlyCount "87"]
[EventDate "2003.08.21"]

1. e4 e5 2. Nf3 Nc6 3. d4 exd4 4. Nxd4 Nf6 5. Nxc6 bxc6 6. Bd3 Bc5 7. e5 Nd5 8.
Qg4 g6 9. O-O O-O 10. Qc4 d6 11. Nc3 Be6 12. Ne4 Bb6 13. exd6 f5 14. Ng5 Qxd6
15. Qh4 Qd7 16. Bd2 a5 17. Rad1 Rae8 18. c4 Nf6 19. Bc3 Qe7 20. Rde1 Qd7 21. c5
Bxc5 22. Bxf6 Rxf6 23. Nxh7 Rf7 24. Nf6+ Rxf6 25. Qxf6 Kh7 26. Qh4+ Kg7 27. Bc4
Bxc4 28. Qxc4 Be7 29. Rd1 Bd6 30. Qc3+ Kf7 31. Rfe1 Rb8 32. Qxa5 Rxb2 33. Qc3
Rb8 34. a4 Qd8 35. Qxc6 Rb4 36. Qd5+ Kg7 37. a5 Ra4 38. Qb3 Qd7 39. Qc3+ Kh7
40. Ra1 Rh4 41. g3 Rh5 42. Qf3 f4 43. g4 Rg5 44. h3 1-0

[Event "XI C.to Italiano U20"]
[Site "Bratto - Castione della Presolana ITA"]
[Date "2003.08.26"]
[Round "6"]
[White "Nardi, Marco"]
[Black "Rombaldoni, Denis"]
[Result "0-1"]
[WhiteElo "1774"]
[BlackElo "2064"]
[PlyCount "42"]
[EventDate "2003.08.21"]

1. e4 c6 2. Nc3 d5 3. Qf3 dxe4 4. Nxe4 Nd7 5. d4 Ngf6 6. Nxf6+ Nxf6 7. c3 Bg4
8. Qg3 e6 9. Bg5 h5 10. Bd3 Qb6 11. b4 Bxb4 12. Bd2 O-O-O 13. h3 Bd6 14. f4 h4
15. Qf2 Bf5 16. Rb1 Qa5 17. c4 Qxa2 18. Qe2 Nh5 19. Qf3 Bxf4 20. Bxf4 Bxd3 21.
Qxd3 Nxf4 0-1

[Event "XI C.to Italiano U20"]
[Site "Bratto - Castione della Presolana ITA"]
[Date "2003.08.26"]
[Round "6"]
[White "Navarro, Tommaso"]
[Black "Buchicchio, Roberto"]
[Result "1/2-1/2"]
[WhiteElo "1513"]
[BlackElo "1690"]
[PlyCount "56"]
[EventDate "2003.08.21"]

1. e4 b6 2. d4 Bb7 3. Nc3 e6 4. Bd3 c5 5. Bf4 Nf6 6. Nb5 d6 7. dxc5 bxc5 8. f3
Nc6 9. Ne2 Be7 10. Bc4 e5 11. Be3 O-O 12. O-O Kh8 13. Nbc3 Na5 14. Bb5 Ne8 15.
Nd5 Bxd5 16. exd5 f5 17. Qd3 Rb8 18. c4 Nc7 19. Ba4 Rb4 20. b3 Nxc4 21. a3 Nxe3
22. axb4 Nxf1 23. Kxf1 cxb4 24. Bc6 Qb8 25. Qe3 a6 26. f4 Bf6 27. Rc1 Nb5 28.
Bd7 g6 1/2-1/2

[Event "XI C.to Italiano U20"]
[Site "Bratto - Castione della Presolana ITA"]
[Date "2003.08.26"]
[Round "6"]
[White "Pagan, Nicolo'"]
[Black "Chinello, Gianmarco"]
[Result "0-1"]
[WhiteElo "1600"]
[BlackElo "1681"]
[PlyCount "84"]
[EventDate "2003.08.21"]

1. d4 d5 2. c4 c6 3. cxd5 cxd5 4. Nf3 Nf6 5. Nc3 e6 6. e3 Nc6 7. Bd2 Bd6 8. Bd3
a6 9. a3 O-O 10. O-O Re8 11. Re1 b5 12. b4 Bb7 13. Rc1 e5 14. dxe5 Nxe5 15.
Nxe5 Bxe5 16. Rc2 Ne4 17. Nxe4 dxe4 18. Be2 Qd6 19. h3 Rac8 20. Rxc8 Bxc8 21.
Qc2 Qg6 22. Kh1 Bd7 23. Rc1 Qf6 24. Be1 h6 25. Rb1 Rc8 26. Qd1 Be6 27. a4 Ba2
28. Rc1 Rxc1 29. Qxc1 bxa4 30. Qc8+ Kh7 31. Bxa6 a3 32. Qc2 Qxa6 33. Qxe4+ g6
34. Qxe5 Qf1+ 35. Kh2 Qxe1 36. b5 Qa5 37. Qd6 Qa8 38. Qc7 Bd5 39. e4 a2 40.
exd5 a1=Q 41. b6 Qxd5 42. b7 Qae5+ 0-1

[Event "XI C.to Italiano U20"]
[Site "Bratto - Castione della Presolana ITA"]
[Date "2003.08.26"]
[Round "6"]
[White "Procacci, Sergio"]
[Black "Orani, Luigi Giuseppe"]
[Result "1-0"]
[WhiteElo "1551"]
[BlackElo "1500"]
[PlyCount "47"]
[EventDate "2003.08.21"]

1. c4 e5 2. Nc3 c6 3. e4 Bc5 4. Nf3 d6 5. Na4 Na6 6. d3 h6 7. Nxc5 Nxc5 8. b4
Ne6 9. Be2 a6 10. O-O c5 11. bxc5 dxc5 12. Nxe5 Qd4 13. Nxf7 Kxf7 14. Rb1 Qd7
15. Bh5+ g6 16. Bg4 Qd6 17. Bxe6+ Qxe6 18. f4 Ne7 19. f5 gxf5 20. exf5 Nxf5 21.
Qh5+ Qg6 22. Rxb7+ Kf6 23. Bb2+ Ke6 24. Qxg6# 1-0

[Event "XI C.to Italiano U20"]
[Site "Bratto - Castione della Presolana ITA"]
[Date "2003.08.26"]
[Round "6"]
[White "Reduzzi, Maurizio"]
[Black "Pulito, Alberto"]
[Result "0-1"]
[WhiteElo "1749"]
[BlackElo "2058"]
[PlyCount "108"]
[EventDate "2003.08.21"]

1. d4 d5 2. Nf3 Nf6 3. c4 e6 4. Nc3 c6 5. e3 Nbd7 6. Qc2 Bd6 7. Be2 O-O 8. O-O
dxc4 9. Bxc4 Qe7 10. Bd2 e5 11. e4 exd4 12. Nxd4 Bxh2+ 13. Kxh2 Qe5+ 14. f4
Qxd4 15. Be2 Nc5 16. e5 Ng4+ 17. Kg3 Nh6 18. Rad1 Bf5 19. Qc1 Nd3 20. Be3 Nxc1
21. Bxd4 Nxe2+ 22. Nxe2 Bg4 23. Kf2 Nf5 24. Bc5 Bxe2 25. Kxe2 Ng3+ 26. Kf3 Nxf1
27. Bxf8 Kxf8 28. Rxf1 Rd8 29. Ke3 Ke7 30. g4 f6 31. exf6+ Kxf6 32. g5+ Kf5 33.
Rh1 Re8+ 34. Kf3 Re4 35. Rxh7 Rxf4+ 36. Ke3 Re4+ 37. Kf3 Re7 38. Rh4 Kxg5 39.
Rf4 Kg6 40. Rg4+ Kh5 41. Rf4 g5 42. Rf8 Kg6 43. Rd8 Rf7+ 44. Kg4 Rf4+ 45. Kg3
Rb4 46. b3 Kf6 47. Re8 Kf7 48. Re5 Rb5 49. Re4 Kf6 50. Kg4 Re5 51. Rb4 b6 52.
Rc4 c5 53. Ra4 a5 54. Rc4 Ke6 0-1

[Event "XI C.to Italiano U20"]
[Site "Bratto - Castione della Presolana ITA"]
[Date "2003.08.26"]
[Round "6"]
[White "Ronchetti, Niccolo'"]
[Black "Ferro, Mario"]
[Result "0-1"]
[WhiteElo "2217"]
[BlackElo "2190"]
[PlyCount "74"]
[EventDate "2003.08.21"]

1. e4 g6 2. d4 Bg7 3. Nf3 d5 4. exd5 Qxd5 5. Nc3 Qa5 6. Bc4 Nf6 7. Bd2 c6 8.
Nd5 Qd8 9. Nxf6+ Bxf6 10. Bh6 Qa5+ 11. Bd2 Qb6 12. Bc3 Nd7 13. Ne5 Nxe5 14.
dxe5 Bg7 15. Qe2 O-O 16. O-O c5 17. Rad1 Be6 18. Bxe6 Qxe6 19. Qb5 b6 20. Rd7
a6 21. Qd3 b5 22. a3 Rac8 23. Rd1 Rfe8 24. Ra7 Qb6 25. Rd7 b4 26. axb4 cxb4 27.
Bd4 Qc6 28. e6 Qxe6 29. Bxg7 Kxg7 30. Ra7 Red8 31. Qf1 Rxd1 32. Qxd1 Rxc2 33.
g4 Rc4 34. h3 Qc6 35. Kh2 Qc5 36. Rd7 Qxf2+ 37. Kh1 Re4 0-1

[Event "XI C.to Italiano U20"]
[Site "Bratto - Castione della Presolana ITA"]
[Date "2003.08.26"]
[Round "6"]
[White "Stirpe, Claudio"]
[Black "Reginato, Mauro"]
[Result "1-0"]
[WhiteElo "1668"]
[BlackElo "1453"]
[PlyCount "51"]
[EventDate "2003.08.21"]

1. d4 d5 2. c4 Nf6 3. cxd5 Nxd5 4. Nf3 Nc6 5. e4 Nb6 6. Nc3 Bg4 7. Be3 e5 8. d5
Nb8 9. Be2 Bxf3 10. Bxf3 Bd6 11. Qb3 N8d7 12. O-O O-O 13. Rfd1 f5 14. exf5 Rxf5
15. Bg4 Qf6 16. Ne4 Qf8 17. Bxf5 Qxf5 18. Nxd6 cxd6 19. Qb4 Qf7 20. Bxb6 Nxb6
21. Qxd6 Kh8 22. Rac1 Rf8 23. Rd2 Qf5 24. Rdc2 Nc4 25. Qxf8+ Qxf8 26. Rxc4 1-0

[Event "XI C.to Italiano U20"]
[Site "Bratto - Castione della Presolana ITA"]
[Date "2003.08.26"]
[Round "6"]
[White "Stromboli, Carlo"]
[Black "Xia, Jie"]
[Result "1-0"]
[WhiteElo "1744"]
[BlackElo "1597"]
[PlyCount "105"]
[EventDate "2003.08.21"]

1. e4 c5 2. Nf3 d6 3. d4 cxd4 4. Nxd4 Nf6 5. Nc3 a6 6. Be3 b5 7. a3 Bb7 8. Bd3
Nbd7 9. f3 Rc8 10. O-O Ne5 11. Re1 e6 12. Bf2 g5 13. Qd2 Nh5 14. Nde2 Qf6 15.
Bd4 Bh6 16. Bxe5 dxe5 17. g4 Nf4 18. Nxf4 gxf4 19. Nd1 Bf8 20. a4 Bc5+ 21. Kh1
b4 22. Qe2 Qh4 23. Rf1 a5 24. Ba6 Bxa6 25. Qxa6 Qd8 26. Nf2 O-O 27. Nd1 Bd4 28.
Qd3 Qc7 29. c3 bxc3 30. bxc3 Bxc3 31. Rc1 Rfd8 32. Qb5 Rb8 33. Rxc3 Rxb5 34.
Rxc7 Rb1 35. Ne3 Rb4 36. Nc4 f6 37. Rf2 Rd1+ 38. Kg2 Rc1 39. Rc8+ Kg7 40. Nd6
Rd1 41. Rc7+ Kg6 42. Nb5 Rd3 43. Rc3 Rd7 44. Ra3 h5 45. gxh5+ Kxh5 46. Kh3 Kg6
47. Rg2+ Kf7 48. Rc2 Rd8 49. Rc7+ Kg6 50. Ra2 Rb1 51. Rg2+ Kh6 52. Rcg7 Rb3 53.
Kh4 1-0

[Event "XI C.to Italiano U20"]
[Site "Bratto - Castione della Presolana ITA"]
[Date "2003.08.26"]
[Round "6"]
[White "Tomba, Ivan"]
[Black "Piscopo, Pierluigi"]
[Result "1/2-1/2"]
[WhiteElo "2175"]
[BlackElo "2319"]
[PlyCount "58"]
[EventDate "2003.08.21"]

1. e4 c5 2. Nf3 e6 3. d4 cxd4 4. Nxd4 Nf6 5. Nc3 Nc6 6. Ndb5 d6 7. Bf4 e5 8.
Bg5 a6 9. Na3 b5 10. Nd5 Be7 11. Bxf6 Bxf6 12. c3 Ne7 13. Nxf6+ gxf6 14. Bd3
Bb7 15. Qh5 d5 16. O-O-O Qc7 17. Kb1 Rd8 18. Rhe1 dxe4 19. Bxe4 Rxd1+ 20. Qxd1
Bxe4+ 21. Rxe4 Qc6 22. f3 Nf5 23. Nc2 Qd6 24. Qxd6 Nxd6 25. Rh4 Kd7 26. Nb4 e4
27. Nd5 Ke6 28. Nc7+ Kd7 29. Nd5 Ke6 1/2-1/2

[Event "XI C.to Italiano U20"]
[Site "Bratto - Castione della Presolana ITA"]
[Date "2003.08.26"]
[Round "6"]
[White "Valsecchi, Alessio"]
[Black "Pagan, Andrea"]
[Result "0-1"]
[WhiteElo "1600"]
[BlackElo "1603"]
[PlyCount "72"]
[EventDate "2003.08.21"]

1. c4 e5 2. Nc3 Nf6 3. g3 Bb4 4. Bg2 O-O 5. e3 Bxc3 6. bxc3 e4 7. Ne2 Re8 8.
O-O b6 9. d4 c6 10. Ba3 d5 11. cxd5 cxd5 12. Rc1 Ba6 13. Re1 Bc4 14. Qd2 Na6
15. Nf4 Nc7 16. Bf1 Bxf1 17. Rxf1 Nb5 18. Bb2 Rc8 19. a4 Nd6 20. Rc2 Nc4 21.
Qc1 Nxb2 22. Qxb2 Rc4 23. Qb3 Qd7 24. Ra1 g5 25. Ne2 Qh3 26. a5 Ng4 27. Nc1
Qxh2+ 28. Kf1 Qh1+ 29. Ke2 Qg2 30. Ke1 Qg1+ 31. Kd2 Qxf2+ 32. Ne2 Qxe3+ 33. Ke1
Qf2+ 34. Kd2 Qe3+ 35. Ke1 Rxd4 36. Qb5 Qf2# 0-1

[Event "XI C.to Italiano U20"]
[Site "Bratto - Castione della Presolana ITA"]
[Date "2003.08.26"]
[Round "6"]
[White "Visentin, Lorenzo"]
[Black "Dessi', Fabrizio Daniele"]
[Result "1-0"]
[WhiteElo "1600"]
[BlackElo "1522"]
[PlyCount "145"]
[EventDate "2003.08.21"]

1. d4 d5 2. c4 b6 3. Nc3 e6 4. Nf3 Bb4 5. Qa4+ Nc6 6. Ne5 Bxc3+ 7. bxc3 Bd7 8.
Nxc6 Ne7 9. Nxd8 Bxa4 10. Nxe6 fxe6 11. cxd5 exd5 12. g3 Bc6 13. Bf4 O-O-O 14.
Bh3+ Kb7 15. a4 a5 16. Be6 Bd7 17. Bxd7 Rxd7 18. Kd2 Ng6 19. Be3 Re8 20. Rab1
Rde7 21. Rb2 h5 22. h4 Nf8 23. Rhb1 Nd7 24. Rb5 Kc6 25. R5b2 Nf6 26. Ke1 Ng4
27. Bg5 Rf7 28. e3 Ref8 29. Bf4 Rf6 30. Rc1 Kd7 31. c4 Rc6 32. Rbc2 dxc4 33.
Rxc4 Rxc4 34. Rxc4 c6 35. Rc2 Nf6 36. Be5 Ne8 37. Rb2 b5 38. axb5 a4 39. b6 Nd6
40. Rb4 a3 41. Ra4 Rb8 42. Rxa3 Rxb6 43. Ra7+ Ke6 44. Bxd6 Kxd6 45. Rxg7 Rb1+
46. Ke2 Rb2+ 47. Kf3 Ke6 48. Rh7 Rb5 49. Rh6+ Kd7 50. g4 hxg4+ 51. Kxg4 Rd5 52.
h5 Ra5 53. Rg6 Ra1 54. Kf4 Rh1 55. h6 Rh4+ 56. Kg3 Rh5 57. Rg7+ Ke6 58. h7 Kf6
59. Rc7 Kg6 60. Rxc6+ Kxh7 61. e4 Kg7 62. e5 Kf7 63. f4 Ke7 64. d5 Kd8 65. Kg4
Rh7 66. e6 Re7 67. f5 Rg7+ 68. Kf4 Ra7 69. f6 Ra8 70. f7 Ke7 71. Ke5 Kf8 72.
Kf6 Ra6 73. Rc8# 1-0

[Event "XI C.to Italiano U20"]
[Site "Bratto - Castione della Presolana ITA"]
[Date "2003.08.26"]
[Round "6"]
[White "Vocaturo, Daniele"]
[Black "Brunello, Sabino"]
[Result "0-1"]
[WhiteElo "2156"]
[BlackElo "2234"]
[PlyCount "80"]
[EventDate "2003.08.21"]

1. e4 e5 2. Nf3 Nc6 3. d4 exd4 4. Bc4 Bc5 5. c3 Nf6 6. e5 d5 7. Bb5 Ne4 8. cxd4
Bb4+ 9. Bd2 Nxd2 10. Nbxd2 O-O 11. O-O Ne7 12. Rc1 Ng6 13. a3 Bxd2 14. Qxd2 Bf5
15. Ne1 c6 16. Bd3 Qd7 17. Qc2 Bxd3 18. Nxd3 Qg4 19. f4 Nh4 20. h3 Qg3 21. Nb4
g6 22. Qf2 Nf5 23. Qxg3 Nxg3 24. Rfe1 h5 25. Kf2 Nf5 26. Nc2 h4 27. Red1 Ng3
28. Kf3 f6 29. Re1 fxe5 30. Rxe5 Nh5 31. f5 gxf5 32. Rce1 Rf7 33. b4 Raf8 34.
b5 Rg7 35. Ne3 Rg3+ 36. Kf2 Nf4 37. Rd1 Ng6 38. Re6 Kf7 39. Rd6 Ke7 40. Nf1 f4
0-1

[Event "XI C.to Italiano U20"]
[Site "Bratto - Castione della Presolana ITA"]
[Date "2003.08.27"]
[Round "7"]
[White "Bellemo, Davide"]
[Black "Visentin, Lorenzo"]
[Result "1-0"]
[WhiteElo "1618"]
[BlackElo "1600"]
[PlyCount "57"]
[EventDate "2003.08.21"]

1. c4 g6 2. Nc3 Bg7 3. g3 e5 4. Bg2 d6 5. Nf3 f5 6. d3 Nf6 7. O-O O-O 8. Rb1 a5
9. a3 c5 10. Nb5 Nc6 11. e3 Na7 12. Qb3 Kh8 13. Re1 Nxb5 14. Qxb5 Qd7 15. Qb3
a4 16. Qc2 Ra6 17. Bd2 b6 18. Bc3 Bb7 19. b4 e4 20. Nd2 d5 21. bxc5 bxc5 22.
Bxf6 Bxf6 23. cxd5 Bxd5 24. dxe4 Bxe4 25. Bxe4 fxe4 26. Nxe4 Be7 27. Qc3+ Bf6
28. Qxc5 Rc6 29. Qxf8# 1-0

[Event "XI C.to Italiano U20"]
[Site "Bratto - Castione della Presolana ITA"]
[Date "2003.08.27"]
[Round "7"]
[White "Berni, Giorgio"]
[Black "Bonafede, Alessandro"]
[Result "1-0"]
[WhiteElo "2219"]
[BlackElo "2098"]
[PlyCount "61"]
[EventDate "2003.08.21"]

1. e4 c5 2. Nf3 Nc6 3. Bb5 g6 4. O-O Bg7 5. c3 Nf6 6. d4 O-O 7. d5 a6 8. Be2
Na5 9. e5 Ng4 10. Nfd2 f5 11. Bxg4 fxg4 12. Qxg4 Bxe5 13. Nf3 Bg7 14. Bg5 b5
15. d6 Bf6 16. dxe7 Qxe7 17. Nbd2 Bxg5 18. Nxg5 Rf5 19. Ngf3 Bb7 20. Rfe1 Qf7
21. Qg3 Nc4 22. Nxc4 Qxc4 23. Ne5 Qd5 24. Ng4 Qd2 25. Rad1 Qf4 26. Rxd7 Bc6 27.
Rc7 Bd5 28. Rxc5 Rd8 29. Rd1 Re8 30. Ne3 Qe4 31. h3 1-0

[Event "XI C.to Italiano U20"]
[Site "Bratto - Castione della Presolana ITA"]
[Date "2003.08.27"]
[Round "7"]
[White "Boscolo, Marco"]
[Black "Buono, Valerio"]
[Result "1-0"]
[WhiteElo "1567"]
[BlackElo "1705"]
[PlyCount "171"]
[EventDate "2003.08.21"]

1. e4 e5 2. Nf3 Nc6 3. Nc3 Nf6 4. Bb5 d6 5. d4 exd4 6. Nxd4 Bd7 7. Bxc6 Bxc6 8.
Nxc6 bxc6 9. O-O Be7 10. Qf3 O-O 11. Bf4 Nd7 12. Rad1 Bg5 13. Bg3 Bh4 14. Rfe1
Qf6 15. Bxh4 Qxh4 16. Qf5 Qe7 17. f4 Rfe8 18. Qa5 Nb6 19. g3 f6 20. b3 Qf7 21.
Nb1 g6 22. Qc3 c5 23. Nd2 Re7 24. Qd3 Rd7 25. c4 c6 26. Qe3 Rad8 27. Nf3 Re7
28. Qf2 Red7 29. Rd2 Qf8 30. Rde2 Re8 31. Qg2 d5 32. exd5 Rxe2 33. Qxe2 cxd5
34. cxd5 Rxd5 35. a4 Rd8 36. a5 Nd5 37. Qa6 Qf7 38. Rc1 Qe7 39. Re1 Qf7 40. Qc4
Kg7 41. Qxc5 Qb7 42. Nd4 Rc8 43. Ne6+ Kf7 44. Qd6 Qb4 45. Ng5+ fxg5 46. Qxd5+
Kf8 47. Qe5 Qc5+ 48. Kg2 Qxe5 49. Rxe5 g4 50. Re2 Rb8 51. Rb2 Ke7 52. b4 Rb5
53. Kf2 Kd6 54. Rd2+ Ke6 55. Rd4 g5 56. Ke3 gxf4+ 57. Kxf4 Rh5 58. Kxg4 Rxh2
59. Rc4 Rb2 60. Kg5 Kd5 61. Rh4 Rb3 62. Rg4 Ke5 63. Kh6 Kf5 64. Rg5+ Kf6 65. b5
Rb1 66. g4 Rh1+ 67. Rh5 Ra1 68. Rf5+ Ke6 69. Kxh7 Ra4 70. Rg5 Rxa5 71. Kh6 Kf6
72. Rc5 Ra3 73. g5+ Ke7 74. Kg6 Kd6 75. Rc6+ Ke7 76. Kg7 Ra5 77. g6 Rxb5 78.
Rc7+ Ke6 79. Rxa7 Rg5 80. Kh6 Rg2 81. g7 Rh2+ 82. Kg6 Rg2+ 83. Kh7 Rh2+ 84. Kg8
Rg2 85. Rf7 Rc2 86. Rf1 1-0

[Event "XI C.to Italiano U20"]
[Site "Bratto - Castione della Presolana ITA"]
[Date "2003.08.27"]
[Round "7"]
[White "Braschi, Giancarlo"]
[Black "Bertagnolli, Alexander"]
[Result "1-0"]
[WhiteElo "2138"]
[BlackElo "2290"]
[PlyCount "81"]
[EventDate "2003.08.21"]

1. d4 Nf6 2. c4 g6 3. Nc3 d5 4. Nf3 Bg7 5. Bg5 c6 6. e3 O-O 7. Bd3 Be6 8. cxd5
Nxd5 9. O-O h6 10. Bh4 Nb4 11. Be2 c5 12. dxc5 Bxc3 13. bxc3 Nd5 14. Qd2 g5 15.
Bg3 Qa5 16. Nd4 Qxc3 17. Qd1 Nc6 18. Nxe6 fxe6 19. Rc1 Qf6 20. Qb3 Na5 21. Qa3
Nc6 22. Rfd1 Rad8 23. h3 Rd7 24. Kh2 Rfd8 25. Qb3 Kg7 26. Bf3 Ne5 27. Be2 h5
28. Bb5 Nc6 29. Kg1 h4 30. Bh2 Nc3 31. Rxd7 Ne2+ 32. Bxe2 Rxd7 33. Bd3 e5 34.
Bb1 Rd2 35. f3 e4 36. Bxe4 g4 37. hxg4 h3 38. gxh3 Nd4 39. exd4 Qh4 40. Qe3
Rxa2 41. Be5+ 1-0

[Event "XI C.to Italiano U20"]
[Site "Bratto - Castione della Presolana ITA"]
[Date "2003.08.27"]
[Round "7"]
[White "Brunello, Sabino"]
[Black "Tomba, Ivan"]
[Result "0-1"]
[WhiteElo "2234"]
[BlackElo "2175"]
[PlyCount "56"]
[EventDate "2003.08.21"]

1. e4 c5 2. d4 cxd4 3. c3 dxc3 4. Nxc3 e6 5. Nf3 a6 6. Bc4 b5 7. Bb3 Bb7 8. Qe2
d6 9. O-O Nd7 10. Rd1 Be7 11. Bf4 Qb8 12. e5 d5 13. Bxd5 Bxd5 14. Nxd5 exd5 15.
e6 Qxf4 16. exd7+ Kxd7 17. Ne5+ Ke8 18. Qc2 Qf6 19. Rd3 Qd6 20. Re1 Kf8 21. Rc3
g6 22. Rc7 Kg7 23. Rd7 Qe6 24. Qc7 Re8 25. Nf3 Qf6 26. Qa7 Rd8 27. Rxd8 Bxd8
28. Qd4 Ba5 0-1

[Event "XI C.to Italiano U20"]
[Site "Bratto - Castione della Presolana ITA"]
[Date "2003.08.27"]
[Round "7"]
[White "Buchicchio, Roberto"]
[Black "Valsecchi, Alessio"]
[Result "1/2-1/2"]
[WhiteElo "1690"]
[BlackElo "1600"]
[PlyCount "59"]
[EventDate "2003.08.21"]

1. e4 c5 2. Nf3 d6 3. d4 cxd4 4. Nxd4 Nf6 5. Nc3 g6 6. f3 Bg7 7. Be3 O-O 8. Qd2
Nc6 9. O-O-O Bd7 10. Bh6 a6 11. a3 b5 12. Nxc6 Bxc6 13. h4 Qb6 14. h5 a5 15.
Bxg7 Kxg7 16. hxg6 fxg6 17. Qh6+ Kf7 18. Nd5 Bxd5 19. exd5 b4 20. a4 b3 21. c3
Rac8 22. Bb5 Qf2 23. Qd2 Qxd2+ 24. Rxd2 Rc5 25. Rhd1 Rb8 26. c4 Rbxb5 27. axb5
Rxc4+ 28. Kb1 Rb4 29. Rd4 Rxb5 30. R1d3 1/2-1/2